000 00695nam a2200289Ia 4500
005 20260324144954.0
008 008 260324s9999 xx 000 0 eng d
020 _a9780203857298
037 _aEBOOK
040 _aCRL
040 _beng
040 _cCRL
041 _2eng
041 _aeng
084 _qCRL
100 _aPeter Self
_91213182
245 0 _aPolitical Theories of Modern Government (Routledge Revivals)
245 0 _bIts Role and Reform
260 _bTaylor and Francis
260 _c1985
365 _a
365 _b240
856 _uhttp://www.taylorfrancis.com/books/9780203857298
942 _cEBOOK
999 _c1828569
_d1828569